000 00708nam a2200289Ia 4500
005 20260324140148.0
008 008 260324s9999 xx 000 0 eng d
020 _a9780203024898
037 _aEBOOK
040 _aCRL
040 _beng
040 _cCRL
041 _2eng
041 _aeng
084 _qCRL
100 _aJan Willem Drijvers; David Hunt
_91203366
245 4 _aThe Late Roman World and Its Historian
245 0 _bInterpreting Ammianus Marcellinus
260 _bTaylor and Francis
260 _c1999
365 _a
365 _b220
856 _uhttp://www.taylorfrancis.com/books/9780203024898
942 _cEBOOK
999 _c1805128
_d1805128